000 00321nam a22001337a 4500
008 181122b xxu||||| |||| 00| 0 eng d
020 _a0838578535
041 _aeng
080 _a615.83
100 _a8
101 _aEGZ
245 _aPhysical Examination of the Spine and Extremities
_cHoppenfeld,S
942 _2udc
_cBK
999 _c52336
_d52336